| 000 | 01909nam a22003617a 4500 | ||
|---|---|---|---|
| 003 | OSt | ||
| 005 | 20240518183614.0 | ||
| 008 | 240515b |||||||| |||| 00| 0 eng d | ||
| 020 | _a978-84-975669-2-6 | ||
| 040 |
_bspa _cBiblioteca de Palvularia _erda |
||
| 041 |
_aspa _hspa |
||
| 082 |
_221 _a155.4 |
||
| 092 |
_SV112g _a155.4 |
||
| 100 |
_aVaca, Elisa _eAutor _92435 |
||
| 245 |
_aGuía para padres de niños muy inquietos y despistados : _b |
||
| 250 | _aPrimera edición | ||
| 260 |
_aEspaña : _bEditorial Síntesis, _c2010. |
||
| 300 |
_a215 páginas ; _bTapa blanda, figuras, cuadros ; _c15 x 21.5 centímetros ; _fImpreso ; _gMediano |
||
| 336 |
_2rdacontent _atexto _btxt |
||
| 337 |
_2rdamedia _ano mediado _bn |
||
| 338 | _avolumen | ||
| 505 | _a1. El niño de 0 a 12 meses. -- 2. El niño de 12 a 24 meses. -- 3. El niño de 2 a 4 años. -- 4. El niño de 4 a 5 años. -- 5. El niño de 6 a 8 años. -- 6. El niño de 9 a 11 años. -- 7. El niño de 12 a 14 años. -- 8. El niño de 15 a 18 años. -- 9. Sobre el TDAH | ||
| 520 | _aEste libro, de enfoque didáctico, persigue dos objetivos fundamentales: primero, brindar orientación práctica para gestionar los comportamientos asociados con la hiperactividad o la distracción, dirigida a quienes interactúan diariamente con niños y adolescentes en cada etapa de su desarrollo; y segundo, discernir entre los comportamientos que podrían sugerir la presencia de TDAH y aquellos que no. | ||
| 521 | _aEl libro está dirigido a profesionales de la salud y la educación, así como a familiares y educadores que trabajan con niños y adolescentes. | ||
| 650 |
_aHiperactividad Infantil" _92436 |
||
| 653 | _aOrientación parental | ||
| 653 | _aCrianza activa | ||
| 653 | _aGuía educativa | ||
| 653 | _aOrientación infantil | ||
| 653 | _aAsesoramiento familiar | ||
| 700 |
_aPozo, Belén _eAutor _92470 |
||
| 942 |
_2ddc _cBK _n0 |
||
| 999 |
_c2148 _d2148 |
||